| 000 | 00466 a2200169 4500 | ||
|---|---|---|---|
| 003 | Nust | ||
| 005 | 20170207153352.0 | ||
| 040 | _cNust | ||
| 082 | _a005.1 | ||
| 100 | _aAhmad, Ali Ahsan PC BESE-04 | ||
| 245 |
_aEnd-To -End security api for NOKIA 9210 Communicator _cPC Ahsan Ali Ahmad & NC Abdur Rehman Wayne BESE-04 |
||
| 260 |
_bMCS _cApril, 2002 |
||
| 300 | _a84 ;p | ||
| 538 | _aAlmirah No 71 Shelf No 3 | ||
| 650 | _aUG Projects | ||
| 651 | _aUG CS Projects | ||
| 942 | _cTHS | ||
| 999 |
_c184602 _d184602 |
||